Sports Quiz

Random Sports or NCAA Quiz

NCAA Volleyball Champions since 1981 Quiz Stats

Quiz not verified by Sporcle

Also try: Over/Under: Sports
Challenge
Share
Tweet
Embed
Score 0/30 Timer 06:00
0 Plays Today
% Correct
Penn State
95.2%
Penn State
95.2%
Penn State
95.2%
Penn State
95.2%
Penn State
95.2%
Stanford
94.7%
Stanford
94.7%
Stanford
94.7%
Stanford
94.7%
Stanford
94.7%
Stanford
94.7%
UCLA
92.8%
UCLA
92.8%
UCLA
92.8%
Nebraska
88.5%
% Correct
Nebraska
88.5%
Nebraska
88.5%
Texas
84.2%
Hawaii
81.8%
Hawaii
81.8%
Hawaii
81.8%
Long Beach State
77.5%
Long Beach State
77.5%
Long Beach State
77.5%
Pacific
57.4%
Pacific
57.4%
Washington
53.6%
Southern California
53.6%
Southern California
53.6%
Southern California
53.6%

You're not logged in!

Compare scores with friends on all Sporcle quizzes.
Sign Up with Email
OR
Log In

You Might Also Like...

Show Comments

Extras

Top Quizzes Today


Score Distribution

Your Account Isn't Verified!

In order to create a playlist on Sporcle, you need to verify the email address you used during registration. Go to your Sporcle Settings to finish the process.

Report this User

Report this user for behavior that violates our Community Guidelines.

Details: